| 000 | 00644nam a2200205Ia 4500 | ||
|---|---|---|---|
| 003 | OSt | ||
| 005 | 20250130105138.0 | ||
| 008 | 210716s9999 xx 000 0 und d | ||
| 040 | _cAIMIT LIBRARY | ||
| 041 | _aeng | ||
| 082 |
_a005.7401 _21 _bORAC |
||
| 245 | _aPro cobol supplement to the oracle precompilers guide. | ||
| 250 | _a1st ed. | ||
| 300 |
_a4.47,A4,7 p.; _bPB _c24.5 cm. |
||
| 650 |
_aRunning the pro cobol precompiler _9196176 |
||
| 650 |
_aDoing Conditional precompilations _9196177 |
||
| 650 |
_aImplementing dynamic sql method 4 _9196178 |
||
| 650 |
_aUnderstanding the sqlDA _9196179 |
||
| 942 |
_2ddc _cBK _e1st _k005.7401 ORAC |
||
| 999 |
_c182220 _d182220 |
||